Normal view
MARC view
- Evidence-based pediatrics
Entry Topical Term
001 - CONTROL NUMBER
- control field: 235250
003 - CONTROL NUMBER IDENTIFIER
- control field: KE-NaSUL
005 - DATE AND TIME OF LATEST TRANSACTION
- control field: 20250827000850.0
008 - FIXED-LENGTH DATA ELEMENTS
- fixed length control field: 250827|| aca||aabn | a|a d
040 ## - CATALOGING SOURCE
- Original cataloging agency: KE-NaSUL
- Transcribing agency: KE-NaSUL
150 ## - HEADING--TOPICAL TERM
- Topical term or geographic name as entry element: Evidence-based pediatrics
670 ## - SOURCE DATA FOUND
- Source citation: Work cat.: (KE-NaSUL)236636: Effective practices for children with autism, 2008.